Илья Богдеско: иллюстрация, каллиграфия, станковая графика, рисунок, монументальное искусство

Bibliografiska uppgifter
Övriga upphovsmän: Гольцов Д. Д. (автор предисловия)
Språk:ryska
Publicerad: Москва, Советский художник, 1987
Ämnen:
Materialtyp: MixedMaterials Bok
KOHA link:https://koha.lib.tpu.ru/cgi-bin/koha/opac-detail.pl?biblionumber=348374

MARC

LEADER 00000nam0a2200000 4500
001 348374
005 20231102010112.0
035 |a (RuTPU)RU\TPU\retro\33 
090 |a 348374 
100 |a 20180214d1987 km y0rusy50 ca 
101 0 |a rus 
102 |a RU 
105 |a a z 001zb 
200 1 |a Илья Богдеско: иллюстрация, каллиграфия, станковая графика, рисунок, монументальное искусство  |f авт. предисл. Д. Д. Гольцов 
210 |a Москва  |c Советский художник  |d 1987 
215 |a 107 с.  |c ил. 
320 |a Список основных произведений в конце книги 
600 1 |a Богдеско  |b И. Т.  |c график  |c живописец-монументалист  |c иллюстратор  |f 1923-  |g Илья Трофимович  |2 stltpush  |3 (RuTPU)RU\TPU\pers\28469  |9 13307 
606 1 |a Граверы  |2 stltpush  |3 (RuTPU)RU\TPU\subj\8408  |9 35823 
610 1 |a графика 
610 1 |a иллюстрации 
610 1 |a каллиграфия 
610 1 |a станковое искусство 
610 1 |a рисунок 
610 1 |a монументальное искусство 
610 1 |a альбомы 
675 |a 76.071  |v 4 
702 1 |a Гольцов  |b Д. Д.  |4 080 
801 1 |a RU  |b 63413507  |c 20180214 
801 2 |a RU  |b 63413507  |c 20180215  |g RCR 
942 |c BK